000 00227nam a2200097Ia 4500
008 190216s9999||||xx |||||||||||||| ||und||
100 _aUriak Syuthil
245 0 _aLenin Samarajeevithathile Edukal
260 _bNull
942 _cBK
999 _c19333
_d19333